00743nam a22002417a 4500003000500000005001700005008004100022010000900063011001000072035000900082040000900091082001600100100002100116245006000137260006600197300001900263500008900282650003100371650002400402650002300426650002900449700002300478CHAP20220329133651.0971013s1990 r 00010 d a9235 a10207 a9444 cCHAP a674.835bS800aSuchsland, Otto. aFiberboard manufacturing practices in the United States aMadison, Wisconsin :bForest Products Research Society,c1990 a263 p.b: ilus aPublicado en 1987 por EUA. Department of Agriculture, como Agriculture handbook; 64014aIndustria madereraxE.U.A.14aMaderaxAnálisis.14aMaderas laminadas.14aTableros contrachapados.0 aWoodson, George E.